| 000 | 00000nam##2200000za#4500 |
| 001 | 9.580777 |
| 003 | CaOODSP |
| 005 | 20210624191212 |
| 007 | cr ||||||||||| |
| 008 | 150406|2000||||xxc|||||o f|0| 0 eng|d |
| 040 | |aCaOODSP|beng |
| 043 | |an-cn--- |
| 086 | 1 |aNH18-22/100-102E-PDF |
| 110 | 2 |aCanada Mortgage and Housing Corporation. |
| 245 | 10|aMeasured pressure equalized performance of an exterior insulation finish system (EIFS) specimen |h[electronic resource] |
| 260 | |aOttawa - Ontario : |bCanada Mortgage and Housing Corporation |cc2000, 2008. |
| 300 | |a4p.|bfig. |
| 490 | 1 |aResearch and development highlights; technical series |v00-102 |
| 500 | |aFile reproduced from original print. |
| 590 | |a14-16-Supp|b2014-09-25 |
| 775 | 08|tMesure de l'équilibrage de la pression d'un système d'isolation de façade avec enduit / |w(CaOODSP)9.607718 |
| 776 | 0#|tMeasured pressure equalized performance of an exterior insulation finish system (EIFS) specimen |w(CaOODSP)9.615414 |
| 830 | #0|aResearch and development highlights; technical series ;|v00-102|w(CaOODSP)9.504481 |
| 856 | 40|ahttp://publications.gc.ca|qPDF|s114 KB|uhttps://publications.gc.ca/collections/collection_2014/schl-cmhc/NH18-22-100-102-eng.pdf|y00-102 |